000 00479nam a22001217a 4500
999 _c21653
_d21653
008 240916b ||||| |||| 00| 0 eng d
100 _aDoctor, Mario Manuel B.
_eauthor.
_961088
245 _aUsing the assertive technique in managing students /
_cMario Manuel B. Doctor.
260 _aPhilippines;
_bPublishers Association of the Philippines, Inc.,
_cJanuary 2018.
300 _aVolume 66, pages 306-307
700 _aDoctor, Mario Manuel B.
_eauthor.
_961088
942 _2ddc
_cPER